Studies in Egyptian Syntax /

محفوظ في:

المؤلف الرئيسي: Gunn, Battiscombe G. 1883-1950

مؤلفون آخرون: Simpson, R. S.

التنسيق: كتاب

اللغة: English

منشور في: Oxford : Griffith Institute, 2012.

الطبعة: 2nd edition, including previously unpublished chapter.

الموضوعات:

الوسوم: إضافة وسم

لا توجد وسوم, كن أول من يضع وسما على هذه التسجيلة!

رقم الطلب: PJ1201 .G8 2012

LEADER 00759nam a22002297a 4500
003 OSt
005 20251020071941.0
008 251020t2012 enka b 000 0 eng d
020 |a 9780900416910 
040 |c ARCE Library 
050 1 4 |a PJ1201  |b .G8 2012 
100 1 |a Gunn, Battiscombe G.   |q (Battiscombe George),   |d 1883-1950 
245 1 0 |a Studies in Egyptian Syntax /   |c by Battiscombe Gunn ; edited by R. S. Simpson. 
250 |a 2nd edition, including previously unpublished chapter. 
264 1 |a Oxford :   |b Griffith Institute,   |c 2012. 
300 |a 305 p. :   |b ill. ;   |c 31 cm. 
504 |a Includes bibliographical references. 
650 0 |a Egyptian language -- Syntax. 
700 1 |a Simpson, R. S. 
901 |a reviewed 
942 |2 lcc  |c BK 
999 |c 49486  |d 49486